Sister Angel/ (Record no. 8247)

000 -LEADER
fixed length control field 00440nam a22001457a 4500
008 - FIXED-LENGTH DATA ELEMENTS--GENERAL INFORMATION
fixed length control field 151009b xxu||||| |||| 00| 0 eng d
020 ## - INTERNATIONAL STANDARD BOOK NUMBER
International Standard Book Number 9780800733810
050 ## - LIBRARY OF CONGRESS CALL NUMBER
Classification number SPE PS 3607 .A85 2011
100 ## - MAIN ENTRY--PERSONAL NAME
Personal name Gabhart, Ann H.
Dates associated with a name 2011.
245 ## - TITLE STATEMENT
Title Sister Angel/
Statement of responsibility, etc. Gabhart, Ann H.
260 ## - PUBLICATION, DISTRIBUTION, ETC. (IMPRINT)
Place of publication, distribution, etc. United states:
Name of publisher, distributor, etc. Revell,
Date of publication, distribution, etc. 2011
300 ## - PHYSICAL DESCRIPTION
Extent 407p.:
650 ## - SUBJECT ADDED ENTRY--TOPICAL TERM
Topical term or geographic name as entry element English Fiction
942 ## - ADDED ENTRY ELEMENTS (KOHA)
Source of classification or shelving scheme
Koha item type Africana (Books)
Classification part SPE PS 3607 .A85 2011
Koha issues (borrowed), all copies 3
Holdings
Withdrawn status Lost status Source of classification or shelving scheme Damaged status Not for loan Home library Current library Date acquired Source of acquisition Total Checkouts Full call number Barcode Date last seen Date last checked out Price effective from Koha item type
          MACHAKOS UNIVERSITY LIBRARY MACHAKOS UNIVERSITY LIBRARY 09/10/2015 Donation(B.F.A) 6 SPE PS 3607 .A85 2011 11813 15/10/2024 07/10/2024 09/10/2015 Special Collection
© Machakos University Library, Along The Highway, Machakos Wote Rd, Machakos, Kenya P.O. Box 136 - 90100 Machakos - Kenya

Tel: ( +254 ) 723 805829 OR Fax : 044-20353 OR Email: library@mksu.ac.ke